| 000 | 00658cab a2200217 4500 | ||
|---|---|---|---|
| 001 | WB2541-35 | ||
| 008 | 090401t1989 xxu||||| |||| 00| 0 eng d | ||
| 035 | _a(Sirsi) u66862 | ||
| 041 | _aeng | ||
| 245 | _aQS firm buys second NHS dept | ||
| 260 | _c1989 | ||
| 350 | _a0 | ||
| 490 |
_aBuilding _vvol 254 no 7620, 20/10/89 p10 |
||
| 520 | _aDavis Langdon and Everest has acquired East Anglian Regional Health Authority `s QS group; its second purchase of an NHS QS department. | ||
| 650 | _aACQUISITIONS | ||
| 650 | _aABOUT RICS-RICS MEMBERS | ||
| 650 | _aPRIVATISATION | ||
| 690 |
_aQuantity surveying _96263 |
||
| 942 | _n0 | ||
| 948 | _c04/03/1997 | ||
| 999 |
_c41785 _d41785 |
||